• 首页
  • 本馆介绍
  • 公告通知
  • 最新文献
  • 馆藏检索
  • 电子资源
  • 读者导购
  • 参考咨询
  • 我的图书馆
  • 登录
  • 详细信息显示
  • 放入我的书架
  • 预约/预借图书
  • 作者相关作品
  • 分类相关作品
  • 丛书相关作品
  • 出版社相关作品

书目信息

  • 表格格式
  • 工作单格式
  • 卡片格式
题名:
化肥与生态环境保护
    
 
作者: 崔玉亭 主编
分册:  
出版信息: 北京   化学工业出版社  2000.1
页数: 261页
开本: 20cm
丛书名: 农用化学品与生态环境保护丛书
单 册:
中图分类: X592
科图分类:
主题词: 肥料污染--污染防治 , 农药残留物--污染防治
电子资源:
ISBN: 7-5025-2705-2
000 00700nam0 2200229 45
001 0112070933
005 20031219104051.7
010    @a7-5025-2705-2@dCNY15.00
100    @a20011207d2000 km y0chiy0120 ea
101 0  @achi
105    @a z 000yy
200 1  @a化肥与生态环境保护@AHua Fei Yu Sheng Tai Huan Jing Bao Hu@f崔玉亭主编@FCui Yu Ting Zhu Bian
210    @a北京@c化学工业出版社@d2000.1
215    @a261页@d20cm
225 0  @a农用化学品与生态环境保护丛书
410    @12001 @a农用化学品与生态环境保护丛书
606 0  @a肥料污染@x污染防治
606 0  @a农药残留物@x污染防治
690    @aX592@v4
701  0 @a崔玉亭@4主编
801    @aCN@bTSTC@c20011207
905    @f12@b301193-204@dX592@e15
    
    化肥与生态环境保护/崔玉亭主编.-北京:化学工业出版社,2000.1
    261页;20cm.-(农用化学品与生态环境保护丛书)
    
    
    ISBN 7-5025-2705-2:CNY15.00
    
●
相关链接 在E读中查询图书 在五车中查询图书 在当当中查询图书 在豆瓣中查询图书


正题名:化肥与生态环境保护     索取号:X592/15         预约/预借

序号 登录号 条形码 馆藏地/架位号 状态 备注
1 0301193   203011935   第三借阅区/ [索取号:X592/15] 在馆    
2 0301194   203011944   第三借阅区/ [索取号:X592/15] 在馆    
3 0301195   203011953   第三借阅区/ [索取号:X592/15] 在馆    
4 0301196   203011962   第三借阅区/ [索取号:X592/15] 在馆    
5 0301197   203011971   第三借阅区/ [索取号:X592/15] 在馆    
6 0301198   203011980   第三借阅区/ [索取号:X592/15] 在馆    
7 0301199   203011999   第三借阅区/ [索取号:X592/15] 在馆    
8 0301200   203012006   第三借阅区/ [索取号:X592/15] 在馆    
9 0301201   203012015   第三借阅区/ [索取号:X592/15] 在馆    
10 0301202   203012024   第三借阅区/ [索取号:X592/15] 在馆    
11 0301203   203012033   第三借阅区/ [索取号:X592/15] 在馆    
12 0301204   203012042   第二样本阅览室/ [索取号:X592/15] 在馆    
唐山师范学院图书馆 欢迎您!
大连网信软件有限公司© 版权所有